BIBLIOTECA

SENCICO

Vida y obra de Le Corbusier / (Registro nro. 3829)

Detalles MARC
000 -LEADER
fixed length control field 00754nam a22002537a 4500
003 - CONTROL NUMBER IDENTIFIER
control field PE SENCICO BE
005 - DATE AND TIME OF LATEST TRANSACTION
control field 20251020182626.0
008 - FIXED-LENGTH DATA ELEMENTS--GENERAL INFORMATION
fixed length control field 230217b |||||||| |||| 00| 0 eng d
020 ## - INTERNATIONAL STANDARD BOOK NUMBER
International Standard Book Number 978-84-252-3098-1
040 ## - CATALOGING SOURCE
Original cataloging agency PE SENCICO BE
Transcribing agency PE SENCICO BE
041 ## - LANGUAGE CODE
Language code of text/sound track or separate title spa
082 ## - DEWEY DECIMAL CLASSIFICATION NUMBER
Classification number 720.92
Item number C68
100 1# - MAIN ENTRY--PERSONAL NAME
9 (RLIN) 619
Personal name Cohen, Jean-Louis
245 1# - TITLE STATEMENT
Title Vida y obra de Le Corbusier /
Statement of responsibility, etc. Jean-Louis Cohen
250 ## - EDITION STATEMENT
Edition statement [1a ed.]
260 ## - PUBLICATION, DISTRIBUTION, ETC.
Place of publication, distribution, etc. Barcelona:
Name of publisher, distributor, etc. Gustavo Gili,
Date of publication, distribution, etc. 2018
300 ## - PHYSICAL DESCRIPTION
Extent 239 p. :
Other physical details il., diagrs.
Dimensions 24 cm.
504 ## - BIBLIOGRAPHY, ETC. NOTE
Bibliography, etc. note Bibliografía: p. 237-238
600 10 - SUBJECT ADDED ENTRY--PERSONAL NAME
9 (RLIN) 386
Personal name Le Corbusier
650 14 - SUBJECT ADDED ENTRY--TOPICAL TERM
9 (RLIN) 282
Topical term or geographic name entry element Arquitectos
650 24 - SUBJECT ADDED ENTRY--TOPICAL TERM
9 (RLIN) 191
Topical term or geographic name entry element Arquitectura moderna
910 ## - USER-OPTION DATA (OCLC)
-- hfp
-- hfp
942 ## - ADDED ENTRY ELEMENTS (KOHA)
Source of classification or shelving scheme Dewey Decimal Classification
Koha item type Libros
Classification part 720.92
Item part C68
Existencias
Fecha de la última vez que lo usaron Número de ingreso o de inventario Pago total Signatura topográfica completa Precio efectivo desde Tipo de documento Estado perdido Sistema de clasificación Estado dañado No es para préstamo Retirado Ubicación permanente Ubicación actual Fecha de adquisición
17/02/2023 16346   720.92/C68 17/02/2023 Libros   Dewey Decimal Classification       Biblioteca Central Lima Biblioteca Central Lima 17/02/2023